Análisis dofa del hospital naval nivel iii de Cartagena en el primer periodo del año 2025 (Registro nro. 50236)

Detalles MARC
000 -LEADER
fixed length control field 02702nam a22002297a 4500
003 - CONTROL NUMBER IDENTIFIER
control field CO-CtgCURN
005 - DATE AND TIME OF LATEST TRANSACTION
control field 20251107213858.0
008 - FIXED-LENGTH DATA ELEMENTS--GENERAL INFORMATION
fixed length control field 251107b |||||||| |||| 00| 0 eng d
040 ## - CATALOGING SOURCE
Original cataloging agency CO-CtgCURN
Language of cataloging spa
Transcribing agency coctgcurn
082 ## - DEWEY DECIMAL CLASSIFICATION NUMBER
Classification number INQ 2025
Item number T686
100 ## - MAIN ENTRY--PERSONAL NAME
Personal name Toro Pajaro, Yoleidis
245 ## - TITLE STATEMENT
Title Análisis dofa del hospital naval nivel iii de Cartagena en el primer periodo del año 2025
Statement of responsibility, etc. Yoleidis Toro Pajaro; Asesores: Stephanye Carrillo Gonzalez; Claudia Suehey Romero Escobar
260 ## - PUBLICATION, DISTRIBUTION, ETC.
Place of publication, distribution, etc. Cartagena de Indias
Name of publisher, distributor, etc. Corporación Universitaria Rafael Núñez
Date of publication, distribution, etc. 2025
300 ## - PHYSICAL DESCRIPTION
Extent 41 hojas
504 ## - BIBLIOGRAPHY, ETC. NOTE
Bibliography, etc. note Trabajo de grado (Instrumentación quirúrgica). Corporación Universitaria Rafael Núñez. Facultad de Ciencias de la Salud. Instrumentación Quirúrgica, 2025.
520 ## - SUMMARY, ETC.
Summary, etc. La Práctica Social es una opción que tiene el estudiante de UNINÚÑEZ para obtener el título de Instrumentador (a) Quirúrgico (a) y consiste en una práctica programada en un IPS (Institución Prestadora de los Servicios de Salud) de la ciudad, públicas o privadas en el segundo o tercer nivel de atención de salud, en las cuales el estudiante aplica las competencias asistenciales, administrativas, pedagógicas, investigativas y comunitarias de su formación, en donde se presenta un informe final sobre la labor realizada de acuerdo a las pautas que establece el comité de proyección social/prácticas formativas (1).<br/><br/>La transición del aula universitaria al entorno profesional representa una etapa crucial en la formación de todo futuro profesional del área de la salud. La práctica social en la IPS permite sumergirse en la dinámica real de la atención en salud, dado que, el estudiante tiene la oportunidad de involucrarse en todos los procesos que se llevan a cabo en la institución prestadora de salud y así consolidar y expandir el saber adquirido durante el tiempo de estudios. Esta opción de grado le permite al estudiante no solo afianzar su conocimiento, sino que, también permite desarrollar habilidades en el contexto práctico u asistencial. La práctica social permite al estudiante poner en práctica la formación integral que ha recibido en el periodo académico con la teoría y la praxis, preparándose así de manera más efectiva para el desarrollo profesional (1).
650 ## - SUBJECT ADDED ENTRY--TOPICAL TERM
Topical term or geographic name entry element Instrumentación quirúrgica
Chronological subdivision Tesis y disertaciones académicas
700 ## - ADDED ENTRY--PERSONAL NAME
Personal name Carrillo Gonzalez, Stephanye
Relator term asesor
700 ## - ADDED ENTRY--PERSONAL NAME
Personal name Romero Escobar,. Claudia Suehey
856 ## - ELECTRONIC LOCATION AND ACCESS
Uniform Resource Identifier <a href="https://unicurn.sharepoint.com/:b:/s/biblioteca/EcN_0TiZaQ1Kgw3ZRDBuDdcBVdX8DuBz0JPG6PltwHC6gA?e=727OTe">https://unicurn.sharepoint.com/:b:/s/biblioteca/EcN_0TiZaQ1Kgw3ZRDBuDdcBVdX8DuBz0JPG6PltwHC6gA?e=727OTe</a>
Public note clic aqui para ver el texto completo
942 ## - ADDED ENTRY ELEMENTS (KOHA)
Source of classification or shelving scheme Dewey Decimal Classification
Koha item type Trabajos de grado
Classification part INQ 2025
Item part T686
Suppress in OPAC No
Existencias
Withdrawn status Lost status Source of classification or shelving scheme Damaged status Not for loan Collection Home library Current library Shelving location Date acquired Inventory number Total checkouts Full call number Barcode Date last seen Price effective from Koha item type
    Dewey Decimal Classification     Trabajos de grado Miguel Henríquez Emiliani Miguel Henríquez Emiliani Trabajo de grado 11/07/2025 025679   INQ 2025 T686 025679 11/07/2025 11/07/2025 Trabajos de grado